|
|
|
|
| LEADER |
00663nam a22002292a 4500 |
| 001 |
000798856 |
| 003 |
CZ BrMZK |
| 005 |
20140516130011.0 |
| 007 |
ta |
| 008 |
051124s1962 gw er|||||||||||ger d |
| 040 |
|
|
|a BOA001
|b cze
|
| 041 |
1 |
|
|a ger
|h eng
|
| 100 |
1 |
|
|a Disney, Walt,
|d 1901-1966
|7 jn19990001791
|4 aut
|
| 245 |
1 |
0 |
|a Donalds Eisenbahn /
|c Walt Disney
|
| 260 |
|
|
|a Hamburg :
|b Blüchert,
|c 1962
|
| 300 |
|
|
|a 1 sv. (nestránkováno)
|
| 490 |
1 |
|
|a Kleine Walt Disney Bilderbücher ;
|v 29
|
| 500 |
|
|
|a Přeloženo z angličtiny
|
| 765 |
0 |
|
|t Donald duck's toy train
|9 Německy
|
| 830 |
|
0 |
|a Kleine Walt Disney Bilderbücher
|
| 910 |
|
|
|a BOA001
|b 2-0486.636
|
| 990 |
|
|
|a BK
|